نصيحة الملوك / (Record no. 29330)
[ view plain ]
| 000 -LEADER | |
|---|---|
| fixed length control field | 00603nam a22001817a 4500 |
| 005 - DATE AND TIME OF LATEST TRANSACTION | |
| control field | 20251108165510.0 |
| 008 - FIXED-LENGTH DATA ELEMENTS--GENERAL INFORMATION | |
| fixed length control field | 250721s1983 xx 000 0 ara d |
| 082 14 - DEWEY DECIMAL CLASSIFICATION NUMBER | |
| Classification number | م/216.9/ماو |
| 100 1# - MAIN ENTRY--PERSONAL NAME | |
| Personal name | الماوردي، أبي الحسن علي بن محمد بن حبيب |
| 245 10 - TITLE STATEMENT | |
| Title | نصيحة الملوك / |
| 264 1# - PRODUCTION, PUBLICATION, DISTRIBUTION, MANUFACTURE, AND COPYRIGHT NOTICE | |
| Place of production, publication, distribution, manufacture | الكويت : |
| Name of producer, publisher, distributor, manufacturer | مكتبة الفلاح، |
| Date of production, publication, distribution, manufacture, or copyright notice | 1983. |
| 300 ## - PHYSICAL DESCRIPTION | |
| Extent | 320ص |
| 490 0# - SERIES STATEMENT | |
| Series statement | من التراث السياسي الإسلامي |
| 650 17 - SUBJECT ADDED ENTRY--TOPICAL TERM | |
| Topical term or geographic name as entry element | الأحكام السلطانيه |
| 700 1# - ADDED ENTRY--PERSONAL NAME | |
| Personal name | خضر، خضر محمد |
| Relator term | تحقيق |
| 942 ## - ADDED ENTRY ELEMENTS (KOHA) | |
| Source of classification or shelving scheme | Dewey Decimal Classification |
| Koha item type | References |
| حالة السحب | حالة الفقدان | مصدر التصنيف | حالة التلف | غير قابل للإعارة | المكتبة الرئيسية | المكتبة الحالية | موقع الرف | تاريخ التزويد | الرقم المتسلسل | Total Checkouts | رقم الإستدعاء | الباركود | تاريخ آخر ظهور | تاريخ الفاتورة | نوع المادة (كوها) |
|---|---|---|---|---|---|---|---|---|---|---|---|---|---|---|---|
| Dewey Decimal Classification | Not For Loan | مكتبة البراءة للأطفال | مكتبة البراءة للأطفال | مراجع | 28/07/2025 | 851218 | م/216.9/ماو | 851218 | 28/07/2025 | 28/07/2025 | References | ||||
| Dewey Decimal Classification | Not For Loan | مكتبة حمزة العامة | مكتبة حمزة العامة | مراجع | 08/11/2015 | [2804].... | م/216.9/ماو | PLD00362669 | 28/07/2025 | 08/11/2015 | References |